000 00839nam a22002651i 4500
001 54028
003 ES-MaACL
005 20240420063023.0
007 t|
008 031121s1980 sp ||||0| spa d
016 7 _zIND9300571002
020 _a84-7492-027-2
040 _aM-BN
_bspa
_cA2
080 _a860 Cunqueiro, Alvaro 1.06
100 0 _aMartínez Torrón, Diego,
_d1950-
_978451
245 1 3 _aLa fantasía lúdica del Alvaro Cunqueiro /
_c[por] Diego Martínez Torron.
260 _a[La Coruña :
_bEdic. Do Castro],
_cimp. 1980.
300 _a179 p ;
_c19 cm.
490 1 _aEnsayo
504 _aBibliografía: p. 173-179.
600 1 4 _aCunqueiro, Álvaro,
_d1911-1981-
_xCrítica e interpretación
_942189
830 0 _aEnsayo
_9177699
852 _aES-MaACL
_jL-26682
_bR.132271
999 _c54028
_d54028